Hướng dẫn sử dụng vi tính dùng cho văn phòng & công sở microsoft office 2003

Sparad:
Bibliografiska uppgifter
Huvudupphovsman: Trần, Phú Tài
Materialtyp: Bok
Språk:Undetermined
Publicerad: Hà Nội Thống Kê 2004
Ämnen:
Taggar: Lägg till en tagg
Inga taggar, Lägg till första taggen!
Thư viện lưu trữ: Trung tâm Học liệu Trường Đại học Cần Thơ
LEADER 00599nam a2200181Ia 4500
001 CTU_88478
008 210402s9999 xx 000 0 und d
082 |a 005.3 
082 |b T103/T.3 
100 |a Trần, Phú Tài 
245 0 |a Hướng dẫn sử dụng vi tính dùng cho văn phòng & công sở microsoft office 2003 
245 0 |c Trần Phú Tài, Trần Hãn 
260 |a Hà Nội 
260 |b Thống Kê 
260 |c 2004 
650 |a Excel ( computer programs ) 
904 |i M.Loan,Hải 
980 |a Trung tâm Học liệu Trường Đại học Cần Thơ